El libertador josé de san martín /
Guardado en:
| Autor Principal: | |
|---|---|
| Formato: | Libro |
| Publicado: |
Buenos Aires :
Espasa Calpe,
1950
|
| Materias: | |
| Etiquetas: |
Agregar Etiqueta
Sin Etiquetas, Sea el primero en etiquetar este registro!
|
| LEADER | 00460nam a22001695a 4500 | ||
|---|---|---|---|
| 001 | CEM.cems004283 | ||
| 005 | 20060216000000.0 | ||
| 008 | 130507s1950##################000#0#####d | ||
| 003 | CEMS | ||
| 082 | 0 | 4 | |a 923 |
| 100 | 1 | |a Medrano, Samuel W. | |
| 245 | 1 | 0 | |a El libertador josé de san martín / |
| 260 | |a Buenos Aires : |b Espasa Calpe, |c 1950 | ||
| 300 | |a 225 | ||
| 653 | |a Biografias | ||
| 653 | |a San martin | ||
| 859 | |a CEMS |b BIB. CEMS - 11 de abril |h 923 |i Sa53me |p 9370.81 |t Ej.1 | ||
